Managing with a global mindset /
Αποθηκεύτηκε σε:
| Κύριος συγγραφέας: | |
|---|---|
| Μορφή: | Βιβλίο |
| Γλώσσα: | English |
| Έκδοση: |
London :
Financial Times Prentice Hall,
2000.
|
| Θέματα: | |
| Ετικέτες: |
Προσθήκη ετικέτας
Δεν υπάρχουν, Καταχωρήστε ετικέτα πρώτοι!
|
| Thư viện lưu trữ: | Mạng thư viện Đại học Đà Nẵng |
|---|
| LEADER | 00892cam a2200349 i 4500 | ||
|---|---|---|---|
| 001 | 000046293 | ||
| 003 | 5754 | ||
| 005 | 20030318143945.0 | ||
| 008 | 010220|2000 vm 000 eng | ||
| 020 | |a 0273632760 | ||
| 040 | |a IRC |c IRC |d IRC | ||
| 041 | 0 | |a eng | |
| 082 | 1 | 4 | |a 658.4 |b JE-J |
| 100 | 1 | |a Jeannet, Jean-Pierre. | |
| 245 | 0 | 0 | |a Managing with a global mindset / |c Jean-Pierre Jeannet. |
| 260 | |a London : |b Financial Times Prentice Hall, |c 2000. | ||
| 300 | |a xxii, 245p. : |b ill. | ||
| 630 | 0 | 4 | |a Management. |
| 630 | 0 | 4 | |a Executives. |
| 650 | 0 | 4 | |a Management. |
| 650 | 0 | 4 | |a Executives. |
| 650 | 0 | 4 | |a International business enterprises. |
| OWN | |a DUT | ||
| 999 | |a From the UDN01 | ||
| TYP | |a Monograph | ||
| TYP | |a Printed language | ||
| 980 | |a Mạng thư viện Đại học Đà Nẵng | ||


